000 00803nam a22002177a 4500
005 20180528102947.0
010 _aENG-123110
020 _a9789385152580
_c1499.00
035 _aB-683064-3076
035 _aEN-106642
037 _bAakar
_adpl
037 _bDBAD/PUB
082 _a613.7046
100 _aIyengar, BKS
245 _aYoga for sports :
_cby BKS Iyengar
_ba journey towards health and healing /
260 _aNew Delhi
_bWestlnd
_c2015
270 _a93, I Floor, Sham Lal Road, Daryaganj,
_bNew Delhi
_e110002
300 v _axi,308p.
_c27cm(Hb)
942 _2ddc
_cEN
_mIYE
_h613.7046
999 _c145398
_d145398